Extraño accidente /

Na minha lista:
Detalhes bibliográficos
Autor principal: Nale Roxlo, Conrado, 1898-1971
Formato: Desconhecido
Idioma:Spanish
Publicado em: Buenos Aires, Argentina : Editorial Sudamericana, 1960.
coleção:(Colección Novelistas Latinoamericanos)
Assuntos:
Tags: Adicionar Tag
Sem tags, seja o primeiro a adicionar uma tag!

MARC

LEADER 000000000a22000000004500
001 003295
041 0 |a spa 
082 0 4 |a Ar863.4   |b V169e 
100 1 |a Nale Roxlo, Conrado,   |d 1898-1971 
245 1 0 |a Extraño accidente /   |c Conrado Nale Roxlo. 
260 1 |a Buenos Aires, Argentina :   |b Editorial Sudamericana,   |c 1960. 
300 |a 114 páginas ; 18 cm. 
490 1 |a (Colección Novelistas Latinoamericanos) 
650 4 |a LITERATURA ARGENTINA 
650 4 |a RELATOS 
999 |c 9549  |d 9549 
942 |c BK  |h Ar863.4 V169e  |2 z